Технологии синтеза моно-, биметалльных и металлокомплексных гексацианоферратов: монография

Dades bibliogràfiques
Autor principal: Татаринцева Т. Б. Татьяна Борисовна
Sumari:В данной монографии перечислены существующие гексацианоферраты с «островной» и координационной структурой. Охарактеризованы широко известные представители этих классов соединений. Указаны способы и блок-схемы технологии их промышленного производства. Приведены методы синтеза, блок- и технологические схемы (ddГ)биметалльных производных, а также металлокомплексных гексацианоферратов(И). Описаны их состав, кристаллическая структура и физико-химические характеристики. Книга предназначена для химиков и материаловедов. Она может быть полезна как работникам смежных с химией, так и отличных отраслей науки и техники — биохимикам, экологам и др.
Idioma:rus
Publicat: Москва, Инфра-М, 2014
Edició:2-е изд., испр. и перераб.
Col·lecció:Научная мысль
Matèries:
Format: MixedMaterials Llibre
KOHA link:https://koha.lib.tpu.ru/cgi-bin/koha/opac-detail.pl?biblionumber=250590

MARC

LEADER 00000nam0a2200000 4500
001 250590
005 20231101232558.0
010 |a 9785160061528 
035 |a (RuTPU)RU\TPU\book\272804 
090 |a 250590 
100 |a 20140214d2014 k y0rusy50 ca 
101 0 |a rus 
102 |a RU 
105 |a a z 001zy 
200 1 |a Технологии синтеза моно-, биметалльных и металлокомплексных гексацианоферратов  |e монография  |f Т. Б. Татаринцева 
205 |a 2-е изд., испр. и перераб. 
210 |a Москва  |c Инфра-М  |d 2014 
215 |a 86 с.  |c ил. 
225 1 |a Научная мысль 
330 |a В данной монографии перечислены существующие гексацианоферраты с «островной» и координационной структурой. Охарактеризованы широко известные представители этих классов соединений. Указаны способы и блок-схемы технологии их промышленного производства. Приведены методы синтеза, блок- и технологические схемы (ddГ)биметалльных производных, а также металлокомплексных гексацианоферратов(И). Описаны их состав, кристаллическая структура и физико-химические характеристики. Книга предназначена для химиков и материаловедов. Она может быть полезна как работникам смежных с химией, так и отличных отраслей науки и техники — биохимикам, экологам и др. 
606 1 |a Гексацианоферраты  |2 stltpush  |3 (RuTPU)RU\TPU\subj\73217  |9 86348 
610 1 |a структура 
610 1 |a производство 
610 1 |a биметалльные производные 
610 1 |a синтез 
610 1 |a желатин-иммобилизованные матрицы 
610 1 |a технологические схемы 
610 1 |a монографии 
675 |a 661.87  |v 3 
700 1 |a Татаринцева  |b Т. Б.  |g Татьяна Борисовна 
801 1 |a RU  |b 63413507  |c 20140214 
801 2 |a RU  |b 63413507  |c 20141204  |g RCR 
942 |c BK 
959 |a 25/20140213  |d 1  |e 169,90  |f ЧЗТЛ:1